Trendy rozvoja ľudského kapitálu v globalizujúcom sa svete

Na minha lista:
Detalhes bibliográficos
Autor principal: Antošová, Mária, 1965-
Outros Autores: Csikósová, Adriana
Formato: Capítulo de Livro
Idioma:eslovaco
Tags: Adicionar Tag
Sem tags, seja o primeiro a adicionar uma tag!

MARC

LEADER 00000naa$a2200000$$$4500
001 0312006
005 20250902103354.5
041 0 |a slo 
044 |a CZ 
245 1 0 |a Trendy rozvoja ľudského kapitálu v globalizujúcom sa svete  |c Mária Antošová, Adriana Csikósová 
100 1 |a Antošová, Mária, 1965- 
700 1 |a Csikósová, Adriana